00268nam a2200121Ia 45000030006000000080041000060400015000471000020000622450026000822600009001085460012001170050017001290STCL150530s9999 xx 000 0 und d aSTCLcSTCL aAlan Downer, S. aRecent American Drama c1961 aEnglish20220125171339.0